000
00282nam a22001217a 4500
020
_a
81-8388-318-4
082
_a
000
_b
SPI/G
100
_a
SPIDER BOOKS
245
_a
MY PRE-SCHOOL BOOK OF GOOD HABITS
260
_a
CHENNAI
_b
SPIDER BOOKS
650
_a
PICTURE BOOK
_z
INDIA
942
_c
BK
999
_c
4669
_d
4669